000 00319nam a22001457a 4500
008 230615b ||||| |||| 00| 0 eng d
020 _a97880394053
041 _aeng
080 _2VOLUME 1
_a61
082 _a61NOR
100 _a3
101 _aMJP
245 _aPRIMARY CARE RESEARCH
_cNORTON.G.P
942 _2udc
_cBK
999 _c59983
_d59983